000 00209 a2200097 4500
001 9326
100 _aKirk, G E
245 _aShort history of the middle east.
260 _a
_bMethuen
_c
090 _c7496
_d7496
942 _aNUST-CAE
_cM
_c34151
999 _c244399
_d244399